000 00501nam a2200193 a 4500
001 1770453312734
003 YourLibrary
005 20260207140844.0
008 260207s2002##################000#0#eng##
020 _a9781840649093
082 0 4 _a333.7
_bMAR
100 1 _aAlier, Juan Martínez,
_eauthor.
245 1 0 _aThe Environmentalism of the Poor :
260 _c2002.
300 _a336 pages
650 0 _aBusiness & Economics.
942 _cENGLISH
040 _aYourLibrary
_beng
_cYourLibrary
999 _c611034
_d611034